00275nam a2200109 a 450000500170000000800410001705000190005824500270007726000350010444000080013965000180014720140513081053.0060814s19uu xx 00 eng d aKitbSOU Chart aSounds Spelling Cards. aColumbus, Ohio :bMc Grawhill. aSRA aLetter Sounds